00922nam a2200217 a 450000100100000000500170001000800410002704000250006808200160009310000240010924500440013325000230017726000420020030000360024250400370027804900090031595201290032495201140045395201200056799900170068700001374320200929163330.0091130s1984 dr ad 000 0 spa d aDO-SdBNPbspacBNPHU axxxxbL318m1 aLara, José93119910aManual de dibujo lineal /cJosé Lara. a3a ed. Actualizada aSanto Domingo :bAlfa y Omega,c1984. a361 p. :bil., diagr. ;c21 cm. aIncluye bibliografías (p. 353) aBNPD 001054708DSaGRbGRcHDd2013-10-21iLF1l0oxxxx L318mp13743-30r2020-06-25te. 3w2020-06-25yLFDSZPréstamo en sala 0010718PDaPDbPDcHDd2009-11-30iLF1l0oxxxx L318mp13743-10r2020-06-25w2020-06-25yLFPDZNo se presta 0010718PDaPDbPDcHDd2009-12-07iLF1l0oxxxx L318mp13743-20r2020-06-25te. 2w2020-06-25yLFPDZNo se presta c13356d13356